| 000 | 00531nam a2200157Ia 4500 | ||
|---|---|---|---|
| 999 |
_c19065 _d19065 |
||
| 082 | _aTA.0076 | ||
| 100 | _aAmravati, Mallappa | ||
| 245 | 0 | _aRelations between Japan and the United States since 1945 with special reference to the peace treaty and the security pact | |
| 260 |
_c1969 _bJawaharlal Nehru University, New Delhi |
||
| 300 | _a391 | ||
| 650 |
_aJapan _vForeign relations _vUnited States |
||
| 650 |
_aUnited States _vForeign relations _vJapan |
||
| 650 | _aPeace treaties | ||
| 710 | _aMurthy, P.A.N. | ||
| 942 |
_cTH _2ddc |
||